| 000 | 00745nam a22002297a 4500 | ||
|---|---|---|---|
| 999 |
_c1728 _d1728 |
||
| 003 | AR-CdUCM | ||
| 008 | 190227b ||||| |||| 00| 0 spa d | ||
| 040 |
_aMUNICIPALIDAD PROVINCIAL DEL CUSCO _cBIBLIOTECA MUNICIPAL DEL CUSCO |
||
| 082 |
_a869.32 / _bS55 |
||
| 100 |
_aSilva Castro, Raúl _96368 |
||
| 245 | _aPablo Neruda / | ||
| 260 |
_aChile; _bUniversitaria, _c1964. |
||
| 300 |
_a237 páginas ; _c22 cm. |
||
| 505 | _aIntroducción - Noticia Biográfica - Aparición de Neruda en Claridad - División de la Obra - Los Primeros Libros... | ||
| 650 |
_aBiografía. _922 |
||
| 650 |
_aLiteratura. _983 |
||
| 650 |
_aPoeta. _9866 |
||
| 650 |
_aChile. _91150 |
||
| 650 |
_aPoesía. _9139 |
||
| 942 |
_2ddc _cLIBROS |
||
| 945 |
_admma _d2019-02-27 |
||